|
|
|
|
| LEADER |
00000nam a2200000 a 4500 |
| 001 |
vtls008181677 |
| 003 |
SK-MaSNL |
| 005 |
20260302003402.0 |
| 008 |
050629s2005 gw g fd 000 0 ger |
| 020 |
|
|
|a 3411050691 (brož.)
|
| 040 |
|
|
|a SNK
|b slo
|c SNK
|e AACR2
|
| 041 |
0 |
|
|a ger
|
| 044 |
|
|
|a gw
|a au
|a sz
|c DE
|c AT
|c CH
|
| 072 |
|
7 |
|a 811.112.2
|x Nemčina
|2 konspekt
|
| 080 |
|
|
|a 811.112.2
|2 2001
|
| 080 |
|
|
|a 81`35
|2 2001
|
| 080 |
|
|
|a (035)
|2 2001
|
| 080 |
|
|
|a (031)81
|2 2001
|
| 245 |
0 |
0 |
|a Duden, Wörterbuch neue Rechtschreibung
|b was Duden empfiehlt
|c [Redaktion Birgit Eickhoff, Angelika Haller-Wolf]
|
| 246 |
3 |
0 |
|a Wörterbuch neue Rechtschreibung
|
| 260 |
|
|
|a Mannheim
|b Dudenverlag
|c 2005
|
| 300 |
|
|
|a 575 s.
|c 19 cm
|
| 650 |
0 |
7 |
|a nemčina
|2 SNKPH
|9 1384
|
| 650 |
0 |
7 |
|a pravopis
|2 SNKPH
|9 868
|
| 655 |
|
7 |
|a príručky
|2 SNKPH
|9 74364
|
| 655 |
|
7 |
|a slovníky
|2 SNKPH
|9 70413
|
| 700 |
1 |
|
|a Eickhoff, Birgit
|4 red
|9 642019
|
| 700 |
1 |
|
|a Haller-Wolf, Angelika
|4 red
|9 642020
|
| 919 |
|
|
|a 3-411-05069-1
|
| 999 |
|
|
|c 991769
|d 993699
|
| 952 |
|
|
|t snkDUD 803.0(035)
|a SNKUST
|b SNKUST
|y PREZ
|7 0
|p 17A0482762
|o snkID 97457
|i snk2005/15166
|8 2
|g 12.65
|0 0
|1 0
|4 0
|d 2005-06-29
|l 0
|r 2025-04-28 00:00:00
|w 2026-02-24
|